000
00278nam a2200121 a 4500
008
110105s1966|||| d
100
1
_a
Lenin, V.I.
245
1
0
_a
Vybrané spisy, 2.diel
260
_b
VPL
_a
Bratislava
_c
1966
041
_a
slo
044
_a
xo
_c
SK
020
_c
19,50
999
_c
15513
_d
15513